00933nam a2200265Ia 450000500170000000800410001702000190005808200160007710000290009324500420012225000400016430000270020449000320023150000320026350501190029565000170041465000290043165000290046065000280048926400270051733600270054433700330057133800280060404000350063220220317001004.0160825s2009 sp g 000 0 spa  a9788434444701204a170 bS18e11 aSavater, Fernandod1947-10aÉtica para AmadorcFernando Savater a5a. edición b15a. reimpresión  a191 páginas c21 cm  aBiblioteca Fernando Savater aIncluye datos biográficos aDe qué va la ética -- Haz lo que quieras -- Aparece Pepito Grillo -- Ponte en su lugar -- Elecciones generales142LEMBaEtica 142LEMBaConciencia (Moral)142LEMBaConducta (Ética)142LEMBaEducación moral aBarcelonabArielc2009 atextobtxt2rdacontent asin mediaciónbn2rdamedia avolumenbnc2rdacarrier aCO-BoRNBPbspaerdacCO-BoRNBP